000 00749nam a22002297a 4500
003 UA-OsUOA
001 36133
007 ta
008 20060706b un ||||| |||| 00| 0 ukr d
090 _a087.94(477)
_bД63
942 _cBK
040 _aUA-OsUOA
_bukr
_cUA-OsUOA
_dUA-OsUOA
245 _aДокументи і матеріали з історії Організації Українсьих Націоналістів
_b10
300 _a303 с.
955 _a1
041 _aukr
080 _a087.94(477)
260 _aК.
_bВидавництво ім. О. Теліги
_c2004
246 3 1 _a2
_nГазета "Українське слово" 1941 року
650 7 _a08 Видання. Колективні праці
_2UDC
999 _c434664
_d434664